RELATÍVNA INFORMAČNÁ ENTROPIA A GAZDOVA HYDROCHEMICKÁ KLASIFIKÁCIA

Bibliographic Details
Main Author: Jetel, Ján, 1935-2005 (Author)
Format: Article
Language:Slovak

MARC

LEADER 00000nab a2200000 a 4500
001 vtls010725030
003 SK-MaSNL
005 20260304192454.0
008 250709s2004 xo |||||||||||||||||slo|
035 |a (urnnbn)urn:nbn:sk:snk:ar-a04w4m 
035 |a (uuid)e65f76a4-af5c-4d7c-8f27-2cd80f861be7 
035 |a urn:nbn:sk:snk-ab3p1p 
040 |a SNKBUCL  |b slo  |c SNKBUCL  |e AACR2 
041 0 |a slo 
044 |a xo  |c SK 
100 1 |a Jetel, Ján,  |d 1935-2005  |4 aut  |9 41387 
245 1 0 |a RELATÍVNA INFORMAČNÁ ENTROPIA A GAZDOVA HYDROCHEMICKÁ KLASIFIKÁCIA  |c Ján Jetel 
773 0 |t Podzemná voda : vedecký a odborný časopis Slovenskej asociácie hydrogeológov a národnej skupiny Medzinárodnej asociácie hydrogeológov  |g Roč. 10, č. 2 (2004), s. 5-9 
850 |a Slovenská národná knižnica 
852 |a Slovenská národná knižnica 
954 |a odborná, vedecká literatúra pôvodná (slovenská)  |2 lita 
958 |a article1 
958 |a OND 
958 |a EUIPO 
999 |c 3062175  |d 3064105